Logo

Description automatically generated
विद्यार्जन
 संसाधन केंद्र, भारतीय प्रौद्योगिकी संस्थान इन्दौर
Learning Resource Center, Indian Institute of Technology Indore

ऑनलाइन सार्वजनिक अभिगम प्रसूची
Online Public Access Catalogue (OPAC)

Women Writing in India. V..1. 600 BC to the Early Twentieth Century (Record no. 9720)

MARC details
000 -LEADER
fixed length control field 00449nam a2200157Ia 4500
008 - FIXED-LENGTH DATA ELEMENTS--GENERAL INFORMATION
fixed length control field 170106s1991||||xx |||||||||||||| ||und||
020 ## - INTERNATIONAL STANDARD BOOK NUMBER
International Standard Book Number 195631951
082 ## - DEWEY DECIMAL CLASSIFICATION NUMBER
Classification number 891.1
Item number THA
100 ## - MAIN ENTRY--PERSONAL NAME
Personal name Tharu, Susie
245 #0 - TITLE STATEMENT
Title Women Writing in India. V..1. 600 BC to the Early Twentieth Century
260 ## - PUBLICATION, DISTRIBUTION, ETC.
Place of publication, distribution, etc. New Delhi
Name of publisher, distributor, etc. Oxford University Press
Date of publication, distribution, etc. 1991
300 ## - PHYSICAL DESCRIPTION
Extent xxix, 537 p. ; 21 cm
650 ## - SUBJECT ADDED ENTRY--TOPICAL TERM
Topical term or geographic name entry element English Literature
700 ## - ADDED ENTRY--PERSONAL NAME
Personal name Lalita, K
942 ## - ADDED ENTRY ELEMENTS (KOHA)
Koha item type Book
Holdings
Withdrawn status Lost status Damaged status Not for loan Home library Current library Shelving location Date acquired Source of acquisition Total Checkouts Full call number Barcode Checked out Date last seen Date last checked out Price effective from Koha item type
        LRC, IIT Indore LRC, IIT Indore 2nd Floor - General Stack 06/01/2017 PO No. 38 ; Vendor: Atlantic Pub. Dis., New Delhi ; Bill No. 11-00196, dt.19.04.2011; Price: INR 560 2 891.1 THA 9720 07/10/2026 10/04/2026 10/04/2026 06/01/2017 Book
Copyright © 2017-2026 Indian Institute of Technology Indore. All Rights Reserved.
Managed & maintained by Learning Resource Center, IIT Indore